|
|
|
|
| LEADER |
00000cam a2200000 a 4500 |
| 001 |
vtls001457618 |
| 003 |
SK-MaSNL |
| 005 |
20260301150238.0 |
| 008 |
240801s2003 xo a a 0000p slo |
| 015 |
|
|
|a SNBA2003/08-02643
|
| 020 |
|
|
|a 8089028314
|
| 035 |
|
|
|a SNK000412925
|
| 040 |
|
|
|a SNK
|b slo
|c SNK
|e AACR2
|
| 041 |
0 |
|
|a slo
|
| 044 |
|
|
|a xo
|c SK
|
| 072 |
|
7 |
|a 821.162.4-1
|x Slovenská poézia
|2 konspekt
|
| 080 |
|
|
|a 821-93
|x Literatúra pre deti a mládež
|2 konspekt
|
| 080 |
|
|
|a 821.162.4-1
|2 1981
|
| 080 |
|
|
|a 821.162.4-93
|2 1997
|
| 080 |
|
|
|a 821.162.4-1(0.053.2)
|2 1997
|
| 100 |
1 |
|
|a Podjavorinská, Ľudmila,
|d 1872-1951
|4 aut
|9 91301
|
| 245 |
1 |
0 |
|a Žabiatko
|b z tvorby tety Ľudmily pre najmenšie deti
|c Ľudmila Podjavorinská ; ilustrovala Ľuba Končeková-Veselá
|
| 250 |
|
|
|a 5. vyd.
|
| 260 |
|
|
|a Bratislava
|b Buvik
|c 2003
|
| 300 |
|
|
|a 87 s.
|b fareb. ilustr.
|c 17 cm
|
| 500 |
|
|
|a Farebné ilustrácie na rozloženej titulnej strane
|
| 655 |
|
7 |
|a slovenská poézia
|2 SNKPH
|9 70444
|
| 655 |
|
7 |
|a poézia pre deti
|2 SNKPH
|9 86748
|
| 655 |
|
7 |
|a literatúra pre deti
|2 SNKPH
|9 87135
|
| 700 |
1 |
|
|a Končeková-Veselá, Ľuba,
|d 1942-
|4 ill
|9 219100
|
| 852 |
|
|
|a Slovenská národná knižnica
|
| 919 |
|
|
|a 80-89028-31-4
|
| 954 |
|
|
|a beletria pôvodná (slovenská)
|2 lita
|
| 958 |
|
|
|a LX
|
| 968 |
|
|
|d 821
|
| 999 |
|
|
|c 782885
|d 784815
|
| 952 |
|
|
|t P60, <03>, [BOOK], {603}
|a SNK
|b SNK
|y PREZ
|7 0
|p 17A0392516
|o snkSD 73132
|i snkKSP 9548/2003
|0 0
|1 0
|4 0
|d 2003-07-31
|l 0
|r 2025-11-20 00:00:00
|w 2026-02-24
|
| 952 |
|
|
|t P60, <04>, [BOOK], {604}
|a SNK
|b SNK
|y VYP
|7 0
|p 17A0392517
|o snkSD 73132 D1
|i snkKSP 9549/2003
|0 0
|1 0
|4 0
|d 2003-07-31
|l 0
|r 2005-01-02 00:00:00
|w 2026-02-24
|